Normal view
MARC view
- campaign in Malaya
Entry Topical Term
001 - CONTROL NUMBER
- control field: 105713
003 - CONTROL NUMBER IDENTIFIER
- control field: NUST
005 - DATE AND TIME OF LATEST TRANSACTION
- control field: 20221222183102.0
008 - FIXED-LENGTH DATA ELEMENTS
- fixed length control field: 221222|| aca||aabn | a|a d
040 ## - CATALOGING SOURCE
- Original cataloging agency: NUST
- Transcribing agency: NUST
150 ## - HEADING--TOPICAL TERM
- Topical term or geographic name entry element: campaign in Malaya
670 ## - SOURCE DATA FOUND
- Source citation: Work cat.: (NUST)184773: Palit, D. K. 48672, The campaign in Malaya /, 1960
